Před 300 lětami Jakub Xaver Ticin zemrěł

Titel: Před 300 lětami Jakub Xaver Ticin zemrěł
Verfasser:
In: Rozhlad, Band 43, Heft 7/8 (1993), Seite 294-296, il. 1
alle Artikel anzeigen
Veröffentlicht: 1993
Format: Aufsatz
Sprache: Sorbisch
Kein Bild verfügbar
X
alg: 39466599
001A    $01999:12-11-16 
001B    $01999:30-05-21 $t14:39:07.000 
001D    $01999:12-11-16 
001U    $0utf8 
001X    $00 
002@    $0Aox 
003@    $0394665996 
007A    $0394665996 $aHEB 
007T    $0Herdww010069 
010@    $awen 
011@    $a1993 
021A    $aPřed 300 lětami Jakub Xaver Ticin zemrěł 
028A    $aSěrakowa $dIrena 
031A    $d43 $e7/8 $h294-296, il. 1 $j1993 
039B    $aIn $8--Abvc--. Rozhlad. - Bautzen : Domowina, 1950-. - ISSN 0557-4250 $x199300000430007706 $9047452528 
045F    $a929.094385 $eDDC23BSB 
045F/01 $a929 
045F/03 $g4385 

lok: 39466599 78

exp: 39466599 78 1 #EPN
201B/01 $020-05-19 $t22:53:14.000 
201U/01 $0utf8 
203@/01 $0790776480 
208@/01 $a12-11-16 $be 
209A/01 $a/ $f000 $x00 
220C/01 $aTitelaufnehmer: TJ 
220C/01 $aHerkunft: IH UWr 
244Z/01 $2Trx $#Silesia $#Śląsk $#Sliezsko $#Slezsko $8--Trx--Schlesien $x01 $9391173987 
244Z/01 $#Lausitz, Süd $#Südliche Lausitz $74042942-8 $8--Tg1--Oberlausitz $x02 $9085119431 
244Z/01 $aGeschichte 1656-1693 $x03 
244Z/01 $2Trx $#Ticin, Jakub Xaver $8--Trx--Ticinus, Jacobus Xaverius$Z1656-1693 $x04 $9390659460 
244Z/01 $2Trx $#sorbid $#sorbai $#Sorbs $#szorb népek $#Serbołużyczanie $#Srbi lužickí $#Lužičtí Srbové $8--Trx--Sorben $x05 $9391353144 
244Z/01 $2Trx $8--Trx--Zeitschriftenaufsatz $x06 $9391384341 
245Z/01 $a12.03 $x01 
247C/01 $82080>Marburg/Lahn, Herder-Institut, Forschungsbibliothek, Bibliographieportal $9336309341
LEADER 00000caa a22000002c 4500
001 394665996
003 DE-603
005 20210530143907.0
007 tu
008 161112s1993 xx |||| | u00||u|wen c
035 |a (DE-599)HEB394665996 
040 |a DE-603  |b ger  |c DE-603  |d DE-603 
041 |a wen 
082 0 4 |8 1\u  |a 929.094385  |q DE-101  |2 23/BSB 
085 |8 1\u  |b 929 
085 |8 1\u  |z 2  |s 4385 
100 1 |a Sěrakowa, Irena 
245 0 0 |a Před 300 lětami Jakub Xaver Ticin zemrěł 
264 0 |c 1993 
773 0 8 |i In  |t Rozhlad  |d Bautzen : Domowina, 1950-  |h 24 cm  |x 0557-4250  |g Band 43, Heft 7/8 (1993), Seite 294-296, il. 1  |w (DE-603)047452528  |w (DE-600)280835-3 
924 0 |9 2080  |a (DE-603)790776480  |b DE-2080  |c HES  |d d  |g /